000 00634nam a22001937a 4500
999 _c61636
_d61636
005 20240403164717.0
008 240403s2004 enk||||| |||| 00| 0 eng d
020 _a9781841101262x
041 _aeng
080 _a616.089 F-57
100 _aFischer, H. B. J.
_921700
245 _aFundamentals of Regional Anaesthesia /
_cH. B. J. Fischer, C. A. Pinnock.
264 _a Cambridge :
_bCambridge University Press,
_c2004.
300 _a168 p.:
_bill. ;
_c25 cm.
653 _aანესთეზია
653 _aმედიცინა
700 _aPinnock, C. A.
_eავტორი
_921701
942 _2udc
_cᲬᲘᲒᲜᲘ